Guess the enhypen era (by songs) - Sunoo version - Statistics

General Stats
  • This quiz has been taken 340 times
  • The average score is 11 of 15
Answer Stats
Picture Answer % Correct
bite me
94%
drunk-dazed
83%
tamed-dashed
83%
sacrifice (eat me up)
81%
given-taken
79%
fatal trouble
74%
fever
74%
future perfect (pass the mic)
69%
hey tayo
69%
billy poco
63%
blessed-cursed
62%
paradoxxx invasion
62%
sweet venom
62%
one and only
50%
let me in (20 cube)
48%
No matching quizzes found
Score Distribution
Percent of People with Each Score
Percentile by Number Answered
Your Score History
You have not taken this quiz